Amulet keepers / (Record no. 1840)

MARC details
000 -LEADER
fixed length control field 00741cam a22002657i 4500
005 - DATE AND TIME OF LATEST TRANSACTION
control field 20231004140248.0
020 ## - INTERNATIONAL STANDARD BOOK NUMBER
International Standard Book Number 9780545723398
040 ## - CATALOGING SOURCE
Original cataloging agency DLC
Language of cataloging eng
Description conventions rda
Transcribing agency DLC
Modifying agency FISKH
050 00 - LIBRARY OF CONGRESS CALL NUMBER
Classification number MLCS 2017/44661 (P)
082 ## - DEWEY DECIMAL CLASSIFICATION NUMBER
Classification number 813.6
100 1# - MAIN ENTRY--PERSONAL NAME
Personal name Northrop, Michael,
Relator term author.
245 10 - TITLE STATEMENT
Title Amulet keepers /
Statement of responsibility, etc. Michael Northrop.
250 ## - EDITION STATEMENT
Edition statement First edition.
260 ## - PUBLICATION, DISTRIBUTION, ETC.
Place of publication, distribution, etc. New York :
Name of publisher, distributor, etc. Scholastic,
Date of publication, distribution, etc. 2015
300 ## - PHYSICAL DESCRIPTION
Extent 190 pages ;
Dimensions 22 cm.
490 1# - SERIES STATEMENT
Series statement Tombquest ;
Volume/sequential designation Book 2
500 ## - GENERAL NOTE
General note Includes chart of Hieroglyphic Alphabet.
500 ## - GENERAL NOTE
General note Read the book. Play the game.
505 ## - FORMATTED CONTENTS NOTE
Formatted contents note M
521 ## - TARGET AUDIENCE NOTE
Target audience note 690 <br/>
Source Lexile
521 ## - TARGET AUDIENCE NOTE
Target audience note M <br/>
Source Raz-Plus
906 ## - LOCAL DATA ELEMENT F, LDF (RLIN)
a 7
b cbc
c orignew
d 4
e epcn
f 20
g y-gencatlg
942 ## - ADDED ENTRY ELEMENTS (KOHA)
Source of classification or shelving scheme Dewey Decimal Classification
Koha item type Books
Suppress in OPAC No
999 ## -
-- 1840
-- 1840
Holdings
Withdrawn status Lost status Source of classification or shelving scheme Damaged status Not for loan Collection Home library Current library Shelving location Date acquired Total Checkouts Full call number Barcode Date last seen Price effective from Koha item type
    Dewey Decimal Classification     Juvenile Fiction Footprints International School Library Network Toul Kork Campus Footprints International School Library Network Toul Kork Campus TK Primary Library Room(4th Floor), Bookcase 5&6, Shelves 33-56, Orange Books 10/04/2023   NOR 813.6 PZ7.N8185 FISTK05389 10/04/2023 10/04/2023 Books